Management and productivity improvement in Japan
Tallennettuna:
| Päätekijä: | |
|---|---|
| Aineistotyyppi: | Kirja |
| Kieli: | Undetermined |
| Julkaistu: |
Tokyo
JMA Consultants in cooporation [sic] with Japan Management Association
1982
|
| Aiheet: | |
| Tagit: |
Lisää tagi
Ei tageja, Lisää ensimmäinen tagi!
|
| Thư viện lưu trữ: | Trung tâm Học liệu Trường Đại học Cần Thơ |
|---|
| LEADER | 00595nam a2200193Ia 4500 | ||
|---|---|---|---|
| 001 | CTU_94198 | ||
| 008 | 210402s9999 xx 000 0 und d | ||
| 082 | |a 658 | ||
| 082 | |b M636 | ||
| 100 | |a Mikami, Tatsuki | ||
| 245 | 0 | |a Management and productivity improvement in Japan | |
| 245 | 0 | |c Tatsuki Mikami | |
| 260 | |a Tokyo | ||
| 260 | |b JMA Consultants in cooporation [sic] with Japan Management Association | ||
| 260 | |c 1982 | ||
| 650 | |a Industrial management,Industrial productivity | ||
| 650 | |z Japan,Japan | ||
| 904 | |i Giang | ||
| 980 | |a Trung tâm Học liệu Trường Đại học Cần Thơ | ||